000 00368nam a22001577a 4500
020 _a81-7187-094-5
082 _a001
_bGOY/B
100 _aGOYAL, VIMLA
100 _aJOHARI, K
100 _aKAPOOR PRATIBHA
245 _aTHE BOOK OF QUESTIONS AND ANSWERS
260 _aDELHI
_bBOOK PALACE
_c2000
300 _a254
650 _aGENERAL KNOWLEDGE
_zINDIA
942 _cBK
999 _c6621
_d6621